Smiling Friends Episode Quiz - Statistics

General Stats
  • This quiz has been taken 41 times
  • The average score is 14 of 25
Answer Stats
Answer % Correct
Mr. Frog
88%
The Glep Ep
88%
Desmond's Big Day Out
76%
Silly Samuel
76%
Charlie Dies and Doesn't Come Back
65%
Gwimbly: Definitive Remastered Enhanced Extended Edition DX 4K (Anniversary Director's Cut)
65%
Mole Man
65%
Mr. President
65%
Shrimp's Odyssey
65%
Squim Returns
65%
A Allan Adventure
59%
Frowning Friends
59%
The Smiling Friends Go to Brazil!
59%
Enchanted Forest
53%
Pim and Charlie Save Mother Nature
53%
Shmaloogles
53%
Erm, the Boss Finds Love?
47%
The Magical Red Jewel (aka Tyler Gets Fired)
47%
Curse of the Green Halloween Witch
41%
Le Voyage Incroyable de Monsieur Grenouille
41%
Pim Finally Turns Green
41%
Who Violently Murdered Simon S. Salty?
41%
A Silly Halloween Special
35%
Brother's Egg
35%
Charlie, Pim, and Bill vs the Alien
35%
No matching quizzes found
Score Distribution
Percent of People with Each Score
Percentile by Number Answered
Your Score History
You have not taken this quiz